| 000 | 00717nam a2200229Ia 4500 | ||
|---|---|---|---|
| 003 | GCL | ||
| 008 | 140319s9999 xx 000 0 ara d | ||
| 040 |
_aGCL / _cGCL |
||
| 082 | 0 | 4 |
_a808.04 _bس ل |
| 100 | 1 | _aسعيد الغانمى | |
| 245 | 1 | 0 |
_aاللغة والخطاب الادبى / _cسعيد الغانمى |
| 700 | 1 | _aسابير، ادوارد | |
| 700 | 1 | _aتودوروف، تزفيتان | |
| 250 | _aالأولى | ||
| 260 |
_aبيروت : _bالمركز الثقافى العربى ، _c1993 |
||
| 300 |
_a128 ص ؛ _c20 سم |
||
| 650 | 0 | 4 | _aالاسلوب الادبى |
| 650 | 0 | 4 | _aالبلاغة |
| 650 | 0 | 4 | _aعلم اللغة |
| 650 | 0 | 4 | _aالادب - مقالات |
| 942 |
_2ddc _cBK |
||
| 999 |
_c58565 _d58565 |
||